000 00546nam a2200217Ia 4500
003 OSt
005 20220926044621.0
006 a|||||r|||| 00| 0
007 ta
008 220923b |||||||| |||| 00| 0 eng d
037 _cGeneral Book
040 _aRTL
_cRTL
_beng
041 _2eng
_aeng
082 _aV2.K, H3
100 _aBasu Purnendu
245 0 _aOudh and the East Indian Company 1785-1801
260 _c1943
650 _aIndian History
942 _hV2.K, H3
_cGB
_2CC
999 _c675328
_d675328